000 00567nam a22001937a 4500
999 _c5762
_d5762
003 AR-CdUCM
008 190313b ||||| |||| 00| 0 spa d
040 _aMUNICIPALIDAD PROVINCIAL DEL CUSCO
_cBIBLIOTECA MUNICIPAL DEL CUSCO
082 _a869.58 /
_bN56N
100 _aNieto, Luis
_911864
245 _aNueva canción aimara /
260 _aLima :
_bEl fusil y la guitarra,
_c1949.
300 _a59 páginas ;
_c12 cm.
500 _aDonación familia Nieto.
650 _aPoesías peruanas
_91481
650 _aSiglo XX
_98
942 _2ddc
_cLIBROS
945 _aafb